Huasipungo (Registro nro. 78706)
[ vista simple ]
| 000 -CABECERA | |
|---|---|
| Longitud fija campo de control | 00991nam a22003257a 4500 |
| 003 - IDENTIFICADOR DEL NÚMERO DE CONTROL | |
| Identificador del número de control | EC-QuCCB |
| 005 - FECHA Y HORA DE LA ÚLTIMA TRANSACCIÓN | |
| Fecha y hora de la última transacción | 20260408164422.0 |
| 007 - CAMPO FIJO DE DESCRIPCIÓN FÍSICA--INFORMACIÓN GENERAL | |
| Campo fijo de descripción física | ta |
| 008 - DATOS DE LONGITUD FIJA--INFORMACIÓN GENERAL | |
| Códigos de información de longitud fija | 221115s2009 ec a|||jr|||| 00| f spa d |
| 040 ## - FUENTE DE LA CATALOGACIÓN | |
| Centro catalogador de origen | EC-QuCCB |
| 041 0# - CÓDIGO DE LENGUA | |
| Código de lengua del texto;banda sonora o título independiente | spa |
| 082 ## - NÚMERO DE LA CLASIFICACIÓN DECIMAL DEWEY | |
| Número de clasificación | I Ec863 |
| Número de documento | I15a |
| 100 1# - ENTRADA PRINCIPAL--NOMBRE DE PERSONA | |
| 9 (RLIN) | 3669 |
| Nombre de persona | Icaza, Jorge, |
| Fechas asociadas con el nombre | 1906-1978 |
| 245 10 - MENCIÓN DE TÍTULO | |
| Título | Huasipungo |
| Mención de responsabilidad, etc. | Jorge Icaza ; adaptación de Pablo Romo |
| 250 ## - MENCIÓN DE EDICIÓN | |
| Mención de edición | Primera edición |
| 260 ## - PUBLICACIÓN, DISTRIBUCIÓN, ETC. (PIE DE IMPRENTA) | |
| Lugar de publicación, distribución, etc. | Quito, Ecuador : |
| Nombre del editor, distribuidor, etc. | Ediciones Ecuador del Futuro, |
| Fecha de publicación, distribución, etc. | 2009 |
| 300 ## - DESCRIPCIÓN FÍSICA | |
| Extensión | 101 páginas : |
| Otros detalles físicos | ilustraciones ; |
| Dimensiones | 21 cm |
| 336 ## - TIPO DE CONTENIDO | |
| Content type term | texto |
| Content type code | txt |
| 337 ## - TIPO DE MEDIO | |
| Media type term | no mediado |
| Media type code | n |
| 338 ## - TIPO DE PORTADOR | |
| Carrier type term | volumen |
| Carrier type code | nc |
| 500 ## - NOTA GENERAL | |
| Nota general | Adaptación juvenil de Huasipungo de Jorge Icaza por Pablo Romo |
| Nota general | Con talleres de comprensión lectora |
| 521 ## - NOTA DE PÚBLICO DESTINATARIO | |
| Nota público destinatario (R ) | Niños de 10 a 12 años |
| 590 ## - NOTA LOCAL (RLIN) | |
| Nota local | cam |
| Nota local | bgg |
| 650 #4 - PUNTO DE ACCESO ADICIONAL DE MATERIA--TÉRMINO DE MATERIA | |
| 9 (RLIN) | 14578 |
| Nombre de materia o nombre geográfico como elemento de entrada | Novela ecuatoriana |
| 9 (RLIN) | 13897 |
| Nombre de materia o nombre geográfico como elemento de entrada | Literatura infantil ecuatoriana |
| 700 1# - PUNTO DE ACCESO ADICIONAL--NOMBRE DE PERSONA | |
| Nombre de persona | Romo, Pablo, |
| 9 (RLIN) | 44494 |
| Término indicativo de función | adaptador, |
| 942 ## - ELEMENTOS DE PUNTO DE ACCESO ADICIONAL (KOHA) | |
| Fuente de clasificaión o esquema | Dewey Decimal Classification |
| Koha [por defecto] tipo de item | Monografía |
| Suprimido | Perdido | Fuente de clasificación o esquema | Estropeado | No se presta | Koha Colección | Localización (Biblioteca) | Localización actual | Localización en estanterías | Fecha adquisición | Fuente de adquisición | Clasificación completa | Designación de pieza (código de barras) | Fecha última consulta | Número de ejemplar | Fecha del precio de reemplazo | Tipo de item de Koha | Note pública |
|---|---|---|---|---|---|---|---|---|---|---|---|---|---|---|---|---|---|
| Disponible | Dewey Decimal Classification | Sin daños | Disponible para préstamo | INFANTIL | Biblioteca y Archivo de la CCE | Biblioteca y Archivo de la CCE | INFANTIL | 10/02/2023 | Donación Radio la Rumbera | I Ec863 I15a | 0011188 | 16/11/2022 | Ej. 1 | 10/02/2023 | Monografía | Rojo Niños de 10 a 12 años |























